[Event "GER-chT U18 Girls"]
[Site "Karlsruhe"]
[Date "2015.05.09"]
[Round "4.1"]
[White "Leinemann, Vivien Sophie"]
[Black "Hofmann, Imke"]
[Result "1-0"]
[WhiteElo "1425"]
[BlackElo "1253"]
[PlyCount "79"]
[EventDate "2015.05.07"]
[EventType "team-swiss"]
[EventRounds "7"]
[EventCountry "GER"]
[SourceTitle "EXT 2017"]
[Source "ChessBase"]
[SourceDate "2016.10.25"]
[SourceVersion "1"]
[SourceVersionDate "2016.10.25"]
[SourceQuality "1"]
[WhiteTeam "Hamburg CPG (W)"]
[BlackTeam "Bad Hersfeld (W)"]
[WhiteTeamCountry "GER"]
[BlackTeamCountry "GER"]

1. e4 e5 2. Nf3 Nc6 3. Bb5 d6 4. d3 h6 5. 0-0 a6 6. Ba4 b5 7. Bb3 Nf6 8. Re1 Bg4 9. c3 Qd7 10. Nbd2 d5 11. exd5 Nxd5 12. Nxe5 Bxd1 13. Nxd7+ Kxd7 14. Bxd5 Bh5 15. Nf3 Bd6 16. Be3 Rhe8 17. Nd4 Ne5 18. Bxa8 Rxa8 19. f3 Nxd3 20. Re2 f6 21. Rd1 Ne5 22. Bf4 g5 23. Bxe5 Bxe5 24. Nf5+ Kc6 25. Ne7+ Kb6 26. Nd5+ Kb7 27. Red2 g4 28. fxg4 Bxg4 29. Rf1 Rf8 30. Rdf2 b4 31. Nxf6 bxc3 32. bxc3 Bxc3 33. Kh1 Be6 34. Ne4 Rxf2 35. Rxf2 Bd4 36. Rd2 Be3 37. Rb2+ Kc8 38. Re2 Bd4 39. Nd6+ cxd6 40. Rxe6 1-0

[Event "Hessen-ch U14/U18 Girls"]
[Site "Bad Homburg"]
[Date "2015.04.02"]
[Round "6"]
[White "Hofmann, Imke"]
[Black "Maar, Felicitas"]
[Result "1-0"]
[WhiteElo "1038"]
[BlackElo "1415"]
[PlyCount "101"]
[EventDate "2015.03.30"]
[EventType "swiss"]
[EventRounds "7"]
[EventCountry "GER"]
[SourceTitle "EXT 2017"]
[Source "ChessBase"]
[SourceDate "2016.10.25"]
[SourceVersion "1"]
[SourceVersionDate "2016.10.25"]
[SourceQuality "1"]

1. e4 e5 2. Nf3 Nc6 3. Bc4 Be7 4. Nc3 Nf6 5. d3 h6 6. 0-0 d6 7. h3 0-0 8. Be3 Na5 9. Bd5 c6 10. Bb3 Be6 11. Bxe6 c5 12. Bd5 Nxd5 13. Nxd5 Nc6 14. Nxe7+ Nxe7 15. Nh4 Qd7 16. Qf3 f5 17. exf5 Nxf5 18. Nxf5 Rxf5 19. Qg4 h5 20. Qg3 Qe6 21. c3 Rf6 22. d4 Raf8 23. dxe5 Rg6 24. Qh4 Qxe5 25. Rfe1 b6 26. b4 cxb4 27. cxb4 Rff6 28. Qc4+ Kh7 29. Rad1 Qf5 30. Rd5 Qxh3 31. Bg5 Qd7 32. Bxf6 gxf6 33. Rxh5+ Kg7 34. Qh4 Kf8 35. Rh8+ Kf7 36. Rh7+ Rg7 37. Rxg7+ Kxg7 38. Qg3+ Kf7 39. Re4 d5 40. Rh4 Qf5 41. Qc7+ Ke6 42. Rh8 Qg6 43. Rh7 Kf5 44. Qd7+ Kf4 45. g3+ Ke5 46. Re7+ Kd4 47. Kg2 Qb1 48. Qg4+ Kc3 49. Re3+ Kd2 50. Qe2+ Kc1 51. Rc3+ 1-0

[Event "Hessen-ch U14/U18 Girls"]
[Site "Bad Homburg"]
[Date "2015.04.01"]
[Round "4"]
[White "Kirchner, Johanna"]
[Black "Hofmann, Imke"]
[Result "0-1"]
[WhiteElo "1575"]
[BlackElo "1038"]
[PlyCount "60"]
[EventDate "2015.03.30"]
[EventType "swiss"]
[EventRounds "7"]
[EventCountry "GER"]
[SourceTitle "EXT 2017"]
[Source "ChessBase"]
[SourceDate "2016.10.25"]
[SourceVersion "1"]
[SourceVersionDate "2016.10.25"]
[SourceQuality "1"]

1. e4 e5 2. Nf3 Nc6 3. Bb5 a6 4. Ba4 b5 5. Bb3 Nf6 6. 0-0 Be7 7. Re1 0-0 8. c3 d6 9. h3 Re8 10. Ng5 Rf8 11. d4 h6 12. Nf3 Bb7 13. Bc2 Qd7 14. Nbd2 Bd8 15. a4 b4 16. d5 Ne7 17. cxb4 a5 18. bxa5 Rxa5 19. b4 Ra8 20. b5 Re8 21. Nc4 Ng6 22. Nh2 Nf4 23. Bxf4 exf4 24. f3 Nh5 25. Qd2 Bh4 26. Reb1 Qc8 27. b6 cxb6 28. Rxb6 Qc5+ 29. Kf1 Ng3+ 30. Ke1 Qg1+ 0-1

[Event "Hessen-ch U14/U18 Girls"]
[Site "Bad Homburg"]
[Date "2015.03.30"]
[Round "3"]
[White "Hofmann, Imke"]
[Black "Flach, Helene"]
[Result "0-1"]
[WhiteElo "1038"]
[BlackElo "1702"]
[PlyCount "48"]
[EventDate "2015.03.30"]
[EventType "swiss"]
[EventRounds "7"]
[EventCountry "GER"]
[SourceTitle "EXT 2017"]
[Source "ChessBase"]
[SourceDate "2016.10.25"]
[SourceVersion "1"]
[SourceVersionDate "2016.10.25"]
[SourceQuality "1"]

1. e4 c5 2. Nf3 e6 3. d4 cxd4 4. Nxd4 a6 5. f4 Qc7 6. Nc3 b5 7. a3 Bb7 8. Bd3 d6 9. 0-0 Nf6 10. Be3 Be7 11. Qf3 Nfd7 12. Nb3 Bf6 13. Bd2 Nb6 14. Rab1 N8d7 15. Qf2 Rc8 16. Rfc1 Qd8 17. Be1 Nc4 18. Ra1 Nxb2 19. Rab1 Nc4 20. Na2 Nxa3 21. Ba5 Qe7 22. Qa7 Nb8 23. Nd4 Nxb1 24. Rxb1 0-0 0-1